| 000 -LEADER |
| fixed length control field |
03206cam a22004215i 4500 |
| 001 - CONTROL NUMBER |
| control field |
17966622 |
| 003 - CONTROL NUMBER IDENTIFIER |
| control field |
NUST |
| 005 - DATE AND TIME OF LATEST TRANSACTION |
| control field |
20211029122016.0 |
| 008 - FIXED-LENGTH DATA ELEMENTS--GENERAL INFORMATION |
| fixed length control field |
131209t20152015ctua b 001 0 eng |
| 010 ## - LIBRARY OF CONGRESS CONTROL NUMBER |
| LC control number |
2013957152 |
| 020 ## - INTERNATIONAL STANDARD BOOK NUMBER |
| International Standard Book Number |
9781305076075 |
| 035 ## - SYSTEM CONTROL NUMBER |
| System control number |
(OCoLC)ocn881509017 |
| 038 ## - RECORD CONTENT LICENSOR |
| Staff Name |
Khadija |
| 040 ## - CATALOGING SOURCE |
| Original cataloging agency |
AU@ |
| Language of cataloging |
eng |
| Transcribing agency |
AU@ |
| Description conventions |
rda |
| Modifying agency |
OCLCO |
| -- |
BTCTA |
| -- |
YDXCP |
| -- |
CUV |
| -- |
CIN |
| -- |
OCLCF |
| -- |
CLE |
| -- |
SJY |
| -- |
DLC |
| 042 ## - AUTHENTICATION CODE |
| Authentication code |
lccopycat |
| 050 00 - LIBRARY OF CONGRESS CALL NUMBER |
| Classification number |
TJ930 |
| Item number |
.J36 2015 |
| 082 04 - DEWEY DECIMAL CLASSIFICATION NUMBER |
| Classification number |
621.4025 |
| Edition number |
23 |
| Author Mark |
JAN |
| 100 1# - MAIN ENTRY--PERSONAL NAME |
| Personal name |
Janna, William S., |
| Relator term |
author. |
| 9 (RLIN) |
25784 |
| 245 10 - TITLE STATEMENT |
| Title |
Design of Fluid Thermal Systems / |
| Statement of responsibility, etc. |
William S. Janna, SI edition prepared by Raj P. Chhabra. |
| 250 ## - EDITION STATEMENT |
| Edition statement |
SI edition ; fourth edition. |
| 264 #1 - PRODUCTION, PUBLICATION, DISTRIBUTION, MANUFACTURE, AND COPYRIGHT NOTICE |
| Place of production, publication, distribution, manufacture |
Stamford, Connecticut : |
| Name of producer, publisher, distributor, manufacturer |
Cengage Learning, |
| Date of production, publication, distribution, manufacture, or copyright notice |
[2015] |
| 264 #4 - PRODUCTION, PUBLICATION, DISTRIBUTION, MANUFACTURE, AND COPYRIGHT NOTICE |
| Date of production, publication, distribution, manufacture, or copyright notice |
© 2015 |
| 300 ## - PHYSICAL DESCRIPTION |
| Extent |
xv, 640 pages : |
| Other physical details |
illustrations ; |
| Dimensions |
23 cm. |
| 336 ## - CONTENT TYPE |
| Content type term |
text |
| Content type code |
txt |
| Source |
rdacontent |
| 337 ## - MEDIA TYPE |
| Media type term |
unmediated |
| Media type code |
n |
| Source |
rdamedia |
| 338 ## - CARRIER TYPE |
| Carrier type term |
volume |
| Carrier type code |
nc |
| Source |
rdacarrier |
| 504 ## - BIBLIOGRAPHY, ETC. NOTE |
| Bibliography, etc. note |
Includes bibliographical references and index. |
| 505 0# - FORMATTED CONTENTS NOTE |
| Formatted contents note |
The design process -- The bid process -- Approaches to engineering design -- Design project example -- Project management -- Dimensions and units -- Fluid properties -- Measurement of viscosity -- Measurement of pressure -- Basic equations of fluid mechanics -- Pipe and tubing standards -- Equivalent diameter for noncircular ducts -- Equation of motion for flow in a duct -- Friction factor and pipe roughness -- Minor losses -- Series piping systems -- Flow through noncircular cross sections -- The optimization process -- Economic pipe diameter -- Equivalent length of fittings -- Graphical symbols for piping systems -- System behavior -- Support systems for pipes -- Flow in pipe networks -- Pipes in parallel -- Measurement of flow rate -- The unsteady draining tank problem -- Types of pumps -- Pump testing methods -- Cavitation and net positive suction head -- Dimensional analysis of pumps -- Specific speed and pump types -- Piping system design practices -- Fans and fan performance -- Conduction of heat through a plane wall -- Conduction of heat through a cylinder wall -- Convection--the general problem -- Convection heat transfer problems -- Optimum thickness of insulation -- The double pipe heat exchanger -- Analysis of double pipe heat exchangers -- Effectiveness-NTU analysis -- Design considerations -- Shell and tube heat exchangers -- Analysis of shell and tube exchangers -- Effectiveness-NTU analysis -- Increased heat recovery -- Design considerations -- Optimum outlet temperature analysis -- The plate and frame heat exchanger -- Analysis of plate and frame heat exchangers -- Cross flow heat exchangers. |
| 563 ## - BINDING INFORMATION |
| Binding note |
PB |
| 650 #0 - SUBJECT ADDED ENTRY--TOPICAL TERM |
| Topical term or geographic name entry element |
Heat exchangers |
| General subdivision |
Design and construction. |
| 9 (RLIN) |
19052 |
| 650 #0 - SUBJECT ADDED ENTRY--TOPICAL TERM |
| Topical term or geographic name entry element |
Piping |
| General subdivision |
Design and construction. |
| 9 (RLIN) |
19053 |
| 650 #7 - SUBJECT ADDED ENTRY--TOPICAL TERM |
| Topical term or geographic name entry element |
Heat exchangers |
| General subdivision |
Design and construction. |
| Source of heading or term |
fast |
| Authority record control number or standard number |
(OCoLC)fst00953878 |
| 9 (RLIN) |
19052 |
| 650 #7 - SUBJECT ADDED ENTRY--TOPICAL TERM |
| Topical term or geographic name entry element |
Piping |
| General subdivision |
Design and construction. |
| Source of heading or term |
fast |
| Authority record control number or standard number |
(OCoLC)fst01064729 |
| 9 (RLIN) |
19053 |
| 906 ## - LOCAL DATA ELEMENT F, LDF (RLIN) |
| a |
0 |
| b |
ibc |
| c |
copycat |
| d |
2 |
| e |
ncip |
| f |
20 |
| g |
y-gencatlg |
| 942 ## - ADDED ENTRY ELEMENTS (KOHA) |
| Source of classification or shelving scheme |
|
| Koha item type |
Book |